Sanat ve Türkiye'de sanatın durumu (Record no. 11884)
[ view plain ]
| 000 -BAŞLIK | |
|---|---|
| Sabit Uzunlukta Kontrol Alanı | 01118na a2200301 4500 |
| 001 - KONTROL NUMARASI | |
| Denetim Alanı | 24196 |
| 003 - KONTROL NUMARASI IDENTIFIER | |
| Denetim Alanı | MIRAKIL |
| 005 - SON İŞLEM TARİHİ VE ZAMANI | |
| Denetim Alanı | 20181226104236.0 |
| 008 - SABİT-BOY VERİ ELEMANLARI - GENEL BİLGİLER | |
| Sabit Uzunlukta Kontrol Alanı | 181005b tu 000 0 |
| 020 ## - ULUSLARARASI STANDART KİTAP NUMARASI | |
| Uluslararası Standart Kitap Numarası | 9786058596856 |
| 041 ## - DİL KODU | |
| Metin / Ses Parça Veya Ayrı Başlığın Dil Kodu | tur |
| 082 ## - DEWEY ONLU SINIFLANDIRMA NUMARASI | |
| Sınıflandırma Numarası | 700.9561 |
| Ürün Numarası | S25 2017 |
| 090 ## - SINIFLAMA NUMARASI | |
| Sınıflama Numarası | 700.9561 S25 2017 |
| 111 ## - ANA GİRİŞ - TOPLANTI ADI | |
| Giriş Elemanı Olarak Toplantı Adı Veya Yargı Alanı Adı | Türkiye sanat çalıştayı |
| Toplantının Yeri | Seferihisar- İzmir |
| Toplantı Veya Antlaşma İmzalandığı Tarihi | 11 Ağustos 2016 |
| 245 ## - BAŞLIK TABLOSU | |
| Başlık | Sanat ve Türkiye'de sanatın durumu |
| Sorumluluk Tablosu, Vb | Editör Onur Bilge Kula |
| 260 ## - YAYIN, DAĞITIM, VB | |
| Yayın, Dağıtım, Vb Yeri | Ankara |
| Yayıncı, Dağıtıcı, Vs Adı | Cumhuriyet Halk Partisi |
| Yayın, Dağıtım, Vb Tarihi | 2017 |
| Üretici Firma | İşkur matbaacılık |
| 300 ## - FİZİKSEL TANIM | |
| Kapsam | 165 s. |
| Boyutlar | 21 sm. |
| 440 ## - SERİSİ TABLOSU / KATMA GİRİŞİ - BAŞLIK | |
| Başlık | Cumhuriyet Halk Partisi yayınları |
| Bir İşin Parçası / Bölüm Sayısı | 05 |
| 505 ## - BİÇİMLENDİRİLDİ İÇİNDEKİLER NOT | |
| Biçimlendirilmiş İçeriği Dikkat | Türkiye sanat çalıştayı; Halk müziği çalıştayı; Edebiyat dünyası toplantısı; Ankara sanat buluşması; Plastik sanatçılar toplantısı; |
| 650 ## - KONU KATMA GİRİŞ - TOPİKAL DÖNEM | |
| Topikal Süreli Veya Coğrafi Ad Giriş Elemanı | Plastik sanatlar |
| Genel Alt Bölümü | Toplantılar, 2017 |
| 650 ## - KONU KATMA GİRİŞ - TOPİKAL DÖNEM | |
| Topikal Süreli Veya Coğrafi Ad Giriş Elemanı | Edebiyat |
| Genel Alt Bölümü | Toplantılar, 2016 |
| 650 ## - KONU KATMA GİRİŞ - TOPİKAL DÖNEM | |
| Topikal Süreli Veya Coğrafi Ad Giriş Elemanı | Halk Müziği |
| Genel Alt Bölümü | Toplantılar, 2016 |
| 650 ## - KONU KATMA GİRİŞ - TOPİKAL DÖNEM | |
| Topikal Süreli Veya Coğrafi Ad Giriş Elemanı | Türkiye |
| Genel Alt Bölümü | Sanat |
| Kronolojik Alt Bölümü | Toplantılar, 2016 |
| 700 ## - KATMA GİRİŞ - KİŞİSEL İSİM | |
| Kişisel Ad | Kula, Onur Bilge |
| 830 ## - SERİSİ EKLENDİ GİRİŞ - ÜNİFORM ADI | |
| Üniforma Başlık | CHP yayınları |
| 942 ## - EKLENDİ GİRİŞ ELEMANLARI (KOHA) | |
| Sınıflandırma Veya Raf Düzeni Kaynak | Dewey Decimal Classification |
| Koha Öğesi Türü | Books |
| 040 ## - KATALOGLAMA KAYNAK | |
| Orijinal Kataloglama Ajansı | Milas |
| Kataloglama Dili | tur |
| Metne Dönüştürmek Ajansı | TR-AnCHP |
| 999 ## - SİSTEM KONTROL NUMARALARI (KOHA) | |
| Koha Biblionumber | 11884 |
| Koha Biblioitemnumber | 11884 |
| Kullanım Kısıtlamaları | Kalıcı Konum | Mevcut Konum | Edinme Tarihi | Toplam Check-Out'Lar | Tam Çağrı Numarası | Barkod | Tarih Son Görülme | İtibaren Geçerli Fiyatlar | Sigara Kamu Notu | Koha Öğesi Türü |
|---|---|---|---|---|---|---|---|---|---|---|
| Kütüphane dışına çıkarılamaz | Parti Okulu Kütüphanesi | Parti Okulu Kütüphanesi | 06/12/2018 | 700.9561 S25 2017 | P00058 | 06/12/2018 | 06/12/2018 | Books | ||
| Parti Okulu Kütüphanesi | Parti Okulu Kütüphanesi | 10/05/2018 | 700.9561 S25 2017 | P00089 | 10/05/2018 | 10/05/2018 | Books |
